| 000 | 00748nam a2200217Ia 4500 | ||
|---|---|---|---|
| 003 | GCL | ||
| 008 | 140319s9999 xx 000 0 ara d | ||
| 040 |
_aGCL / _cGCL |
||
| 082 | 0 | 4 |
_a711.4 _bح ا |
| 100 | 1 | _aحيان جواد صيداوى | |
| 245 | 1 | 0 |
_aالسن المدينة / _cحيان جواد صيداوى |
| 260 |
_aبيروت : _bدار قابس للطباعة والنشر والتوزيع ، _c2004 |
||
| 300 |
_a160 ص ؛ _c20 سم |
||
| 490 |
_aالدراسات المدينية الحديثة _v3 |
||
| 650 | 0 | 4 | _aالتصميم الانشائى |
| 650 | 0 | 4 | _aتخطيط المدن |
| 650 | 0 | 4 | _aالتشييد |
| 650 | 0 | 4 | _aالعمارة - تصميمات |
| 650 | 0 | 4 | _aالمدن - مبانى عامه |
| 942 |
_2ddc _cBK |
||
| 999 |
_c32861 _d32861 |
||